<?xml version="1.0" encoding="UTF-8"?><?xml-stylesheet type="text/xsl" href="static/style.xsl"?><OAI-PMH xmlns="http://www.openarchives.org/OAI/2.0/" xmlns:xsi="http://www.w3.org/2001/XMLSchema-instance" xsi:schemaLocation="http://www.openarchives.org/OAI/2.0/ http://www.openarchives.org/OAI/2.0/OAI-PMH.xsd"><responseDate>2026-06-01T01:23:33Z</responseDate><request verb="GetRecord" identifier="oai:riuma.uma.es:10630/22646" metadataPrefix="marc">https://riuma.uma.es/rest/oai/request</request><GetRecord><record><header><identifier>oai:riuma.uma.es:10630/22646</identifier><datestamp>2026-02-03T12:14:19Z</datestamp><setSpec>com_10630_2254</setSpec><setSpec>col_10630_37959</setSpec></header><metadata><record xmlns="http://www.loc.gov/MARC21/slim" xmlns:dcterms="http://purl.org/dc/terms/" xmlns:doc="http://www.lyncode.com/xoai" xmlns:xsi="http://www.w3.org/2001/XMLSchema-instance" xsi:schemaLocation="http://www.loc.gov/MARC21/slim http://www.loc.gov/standards/marcxml/schema/MARC21slim.xsd">
   <leader>00925njm 22002777a 4500</leader>
   <datafield ind2=" " ind1=" " tag="042">
      <subfield code="a">dc</subfield>
   </datafield>
   <datafield ind2=" " ind1=" " tag="720">
      <subfield code="a">Ruiz-Mora, Ana Belén</subfield>
      <subfield code="e">author</subfield>
   </datafield>
   <datafield ind2=" " ind1=" " tag="720">
      <subfield code="a">Afsar, Bekir</subfield>
      <subfield code="e">author</subfield>
   </datafield>
   <datafield ind2=" " ind1=" " tag="720">
      <subfield code="a">Miettinen, Kaisa</subfield>
      <subfield code="e">author</subfield>
   </datafield>
   <datafield ind2=" " ind1=" " tag="260">
      <subfield code="c">2021-07</subfield>
   </datafield>
   <datafield ind2=" " ind1=" " tag="520">
      <subfield code="a">In interactive evolutionary multiobjective optimization methods, preferences of a decision maker (DM), a domain expert, are iteratively incorporated to generate solutions that reflect the DM’s interests. When comparing these methods, we need means to capture features inherent in the nature of the solution processes. Namely, the DM’s preferences evolve while (s)he learns about the problem’s trade-offs and the feasibility of her/his own preferences. In this work, we implement an artificial decision maker (ADM) to evaluate reference point-based interactive evolutionary methods. A reference point consists of desirable values for the objectives. To simulate several iterations with an interactive method, the ADM generates reference points differently depending on two phases that can be distinguished in the solution process. In the learning phase, reference points simulate exploration to examine various Pareto optimal solutions to find a potential region of interest. Then, reference points of the decision phase mimic a progressive convergence towards the most preferred solution in this region. Each reference point is used to assess the methods’ performances per iteration. The ADM’s performance is demonstrated by comparing several interactive evolutionary methods on benchmark problems with up to 9 objectives. Future work includes consideration of other types of preference information and incorporation of a procedure to automatically switch from the learning to the decision phase.</subfield>
   </datafield>
   <datafield ind1="8" ind2=" " tag="024">
      <subfield code="a">https://hdl.handle.net/10630/22646</subfield>
   </datafield>
   <datafield tag="653" ind2=" " ind1=" ">
      <subfield code="a">Toma de decisiones</subfield>
   </datafield>
   <datafield tag="653" ind2=" " ind1=" ">
      <subfield code="a">Algoritmos computacionales</subfield>
   </datafield>
   <datafield ind2="0" ind1="0" tag="245">
      <subfield code="a">Comparison of Interactive Evolutionary Multiobjective Optimization Methods Using an Artificial Decision Maker</subfield>
   </datafield>
</record>
</metadata></record></GetRecord></OAI-PMH>